Autoexaminační cvičebnice operačního výzkumu
Gespeichert in:
| 1. Verfasser: | |
|---|---|
| Körperschaft: | |
| Weitere Verfasser: | , |
| Format: | Buch |
| Sprache: | Tschechisch |
| Veröffentlicht: |
Praha
Státní pedagogické nakladatelství
1983
|
| Tags: |
Keine Tags, Fügen Sie das erste Tag hinzu!
|
MARC
| LEADER | 00000nam a2200000 4500 | ||
|---|---|---|---|
| 001 | c134218 | ||
| 005 | 20190425103749.2 | ||
| 041 | 0 | |a cze | |
| 044 | |a CZ | ||
| 245 | 1 | 0 | |a Autoexaminační cvičebnice operačního výzkumu |c Jaroslav Samek, Stanislav Vejmola, Stanislav Havelka |
| 264 | 1 | |a Praha |b Státní pedagogické nakladatelství |c 1983 | |
| 300 | |a 272 s. | ||
| 100 | 1 | |a Samek, Jaroslav | |
| 700 | 1 | |a Vejmola, Stanislav | |
| 700 | 1 | |a Havelka, Stanislav | |
| 710 | 2 | |a Vysoká škola ekonomická v Praze. Fakulta řízení | |